01195nam a2200229 i 4500001000700000003000400007005000900011008005900020100002200079245024500101260005900346300003400405502007400439504004600513650012100559700011500680040001300795942001200808999002100820952006200841952006200903236664OSt201809210000002004 A 0000000000spa00 aTapia, Gisselle E aMedicación intraconducto utilizada en endodoncia en la Clínica Modular UCE período septiembre - diciembre 2003cGisselle E. Tapia, Germana González Ayba, Juan Carlos Díaz Díaz ; asesores Rafael E. Carmona R., Juan Andrés Veras aSan Pedro de Macorís :bUniversidad Central del Este a1 v. (en varias numeraciones) aTesis (Doctor en Odontología) -- Universidad Central del Este, 2004 aIncluye bibliografía, índice y anexos aFarmacología odontológicaaMedicación odontológicaaMedicamentosaTC6202aTesis y disertaciones académicas aCarmona R., Rafael E., asesaDíaz Díaz, Juan CarlosaGonzález Aybar, GermanaaVeras, Juan Andrés, ases aDLCcDLC 2ddccTH c236664d23666400 00102ddc4070a1b1d2018-08-17oT 617.6 T172m 2004yTH 00102ddc4070a1b1d2018-08-17oT 617.6 T172m 2004yTH